000 01156naa a22003257a 4500
001 BR9403113
003 BR-BrBNA
005 20240918181208.0
007 ta
008 230509b bl.||||| |||| 00| 0 por d
040 _aBR-BrBNA
_bpor
_cBiblioteca Nacional de Agricultura
041 _a(Pt)
072 _aL01
_b5240
_b8947
090 _aL01 BR9403113
100 1 _aPonzoni-Rey, R.W.
100 1 _aOliveira, N.R.M. de
100 1 _aVaz, C.M.S.L.
100 1 _aSelaive-Villarroel, A.B.
111 1 _a2. Jornada Tecnica de Producao Ovina no RS
_cSanta Maria, RS (Brazil)
_d13-14 Aug 1981
245 1 _aRelacao entre preco pago em remate e algumas caracteristicas de carneiros Corriedale a Romney Marsh
260 3 _aSanta Maria, RS (Brasil):
_c1981.
500 _aAnais 2. Jornada Tecnica de Producao Ovina no RS Santa Maria, RS (Brasil): 1981. p. 73-81 (BR9403113-AM)L01
650 _aOvino
650 _aLa
650 _aTosquia
650 _aPreco
773 0 _tAnais 2. Jornada Tecnica de Producao Ovina no RS
_wL01 BR9403113
_gSanta Maria, RS (Brasil), 1981. p. 73-81
909 _a202404
_bLucia
_c55
_dLucia Elande
942 _cAM
_2AGRIS
999 _c324058
_d324058